Сестри Річинські (Запис № 331032)

МАРК-запис
000 -LEADER
fixed length control field 00724nam a22002537a 4500
001 - CONTROL NUMBER
control field 44922
003 - CONTROL NUMBER IDENTIFIER
control field UA-OsUOA
005 - DATE AND TIME OF LATEST TRANSACTION
control field 20210103225321.0
007 - PHYSICAL DESCRIPTION FIXED FIELD--GENERAL INFORMATION
fixed length control field ta
008 - FIXED-LENGTH DATA ELEMENTS--GENERAL INFORMATION
fixed length control field 20070319b un ||||| |||| 00| 0 ukr d
020 ## - INTERNATIONAL STANDARD BOOK NUMBER
International Standard Book Number 966-524-135-4
040 ## - CATALOGING SOURCE
Original cataloging agency UA-OsUOA
Language of cataloging ukr
Transcribing agency UA-OsUOA
Modifying agency UA-OsUOA
041 ## - LANGUAGE CODE
Language code of text/sound track or separate title ukr
080 ## - UNIVERSAL DECIMAL CLASSIFICATION NUMBER
Universal Decimal Classification number 821.161.2
090 ## - LOCALLY ASSIGNED LC-TYPE CALL NUMBER (OCLC); LOCAL CALL NUMBER (OCLC)
Classification number (OCLC) (R) ; Classification number, CALL (RLIN) (NR) 821.161.2
Local cutter number (OCLC) ; Book number/undivided call number, CALL (RLIN) В46
100 ## - MAIN ENTRY--PERSONAL NAME
Personal name Вільде І.
245 ## - TITLE STATEMENT
Title Сестри Річинські
Remainder of title роман
Number of part/section of a work кн. 1
260 ## - PUBLICATION, DISTRIBUTION, ETC. (IMPRINT)
Place of publication, distribution, etc К.
Name of publisher, distributor, etc Україна
Date of publication, distribution, etc 2004
300 ## - PHYSICAL DESCRIPTION
Extent 696 с.
650 #7 - SUBJECT ADDED ENTRY--TOPICAL TERM
Topical term or geographic name as entry element 82 Література. Літературознавство
Source of heading or term UDC
942 ## - ADDED ENTRY ELEMENTS (KOHA)
Koha item type Книги
Source of classification or shelving scheme Universal Decimal Classification
955 ## - COPY-LEVEL INFORMATION (RLIN)
Classification number, CCAL (RLIN) Літературно-художні видання
Фонди
Withdrawn status Lost status Source of classification or shelving scheme Damaged status Not for loan Home library Current library Date acquired Source of acquisition Cost, normal purchase price Inventory number Total Checkouts Full call number Barcode Date last seen Price effective from Koha item type Collection code
    Universal Decimal Classification     АБ - Абонемент НБ АБ - Абонемент НБ 19/03/2007 57/2007 10.00 104052   821.161.2 В46 104052 21/02/2022 19/03/2007 Книги  
    Universal Decimal Classification     АБ - Абонемент НБ АБ - Абонемент НБ 19/03/2007 57/2007 10.00 104053   821.161.2 В46 104053 21/02/2022 19/03/2007 Книги  
    Universal Decimal Classification     ЧЗ - Читальна зала ЧЗ - Читальна зала 29/09/2010 82/2010 10.00 129654   821.161.2 В46 129654 06/02/2022 19/03/2007 Книги Колекція Жулинського М.Г.
    Universal Decimal Classification     ЧЗ - Читальна зала ЧЗ - Читальна зала 02/06/2011 69/2011 25.00 132693   821.161.2 В46 132693 06/02/2022 02/06/2011 Книги Колекція Жулинського М.Г.